000 00461nam a2200181Ia 4500
008 100920s9999 xx 000 0 und d
082 _b47217
_a24 0
100 _aवरेरकर मामा.
245 _aपरिणिता.
260 _b---
_c0
300 _a192
_bसाधी
365 _b18
520 _aसायो.
630 _aपरिणिता.
650 _aसायो.
730 _aपरिणिता.
942 _cBOOK
999 _c694693
_d694690